000 00707nam a22002177a 4500
003 UA-OsUOA
001 96586
007 ta
008 20130320b un ||||| |||| 00| 0 ukr d
100 _aСергіюк Н.О.
090 _a81
_bС32
942 _cSA
040 _aUA-OsUOA
_bukr
_cUA-OsUOA
_dUA-OsUOA
245 _aДиференційований підхід у викладанні англійської мови
300 _aС.2-5
955 _a0
041 _aukr
080 _a81
773 0 _w96584
_tАнглійська мова та література
_dК.
_d2013
_g6
650 7 _a8 Мовознавство. Художня література. Літературознавство
_2UDC
999 _c382835
_d382835